000 00393nam a22001697a 4500
999 _c1263
_d1263
005 20211004153003.0
008 160521b xxu||||| |||| 00| 0 eng d
020 _a0-07-46300-2
041 _aeng
082 _b3679
100 _a Rao ,P. N
_96949
245 _aManufacturing Technology
260 _aNew Delhi
_bTMH,
300 _a460
650 _aDIPLOMA ENGINEERING
_9817
942 _cBK